000
00206nam a22000857a 4500
999
_c
11654
_d
11654
008
191030b ||||| |||| 00| 0 eng d
100
_a
NCERT
_9
7357
245
_a
Maths Exemplar
260
_a
New Delhi
_b
NCERT
_c
2018